| 000 | 00727 a2200205 4500 | ||
|---|---|---|---|
| 001 | 3861 | ||
| 005 | 20260407155431.0 | ||
| 008 | 260407a1951 arg spa d | ||
| 003 | AR-UNSa-BCEJYS | ||
| 040 |
_aAR-UNSa-BCEJYS _bspa _cAR-UNSa-BCEJYS |
||
| 080 |
_a(038)657 _xDiccionario de Contabilidad |
||
| 245 | 1 | 0 | _aDiccionario de contabilidad, organización, administración, control y ciencias afines |
| 264 | 1 |
_aBuenos Aires : _bSelección Contable _c1951 |
|
| 300 | _a7 v. | ||
| 505 | _aVol. I: A-ASAM Vol. III: BAL Vol. IV: CAB-CONS Vol. VII: CRED-EXTR Vol. IX: G-IZQ Vol. XI: M-O Vol. XIII: Q-R-S-T | ||
| 041 | _aspa | ||
| 942 | _cBK | ||
| 590 | _aniveau_biblio:m niveau_hierar:0 | ||
| 100 | 1 | _aSeoane, Joaquín Raúl | |
| 999 |
_c378 _d378 |
||